000
00246nam a2200097Ia 4500
001
834462
005
20250826172434.0
008
250824s9999 xx 000 0 und d
245
0
_a
HAYAT PASTANESİ
_c
ÇİĞDEM SEZER
260
_b
GÜNIŞIĞI YAYINLARI
999
_c
834462
_d
834462